[Event "ICS Rated blitz match"]
[Site "204.178.125.65"]
[Date "1999.09.07"]
[Round "?"]
[White "Hossa"]
[Black "alexic"]
[Result "1-0"]
[WhiteElo "2467"]
[BlackElo "2210"]
[PlyCount "111"]
[EventDate "1999.??.??"]

1. e4 c5 2. Nf3 Nc6 3. Bb5 g6 4. d3 Bg7 5. O-O d6 6. Nc3 Nf6 7. d4 cxd4 8. Nxd4
Bd7 9. Bxc6 Bxc6 10. Re1 O-O 11. Bg5 h6 12. Bh4 g5 13. Bg3 Qb6 14. Nf5 Rfe8 15.
Nxg7 Kxg7 16. Rb1 Nd7 17. Qg4 Ne5 18. Bxe5+ dxe5 19. Qf5 f6 20. Re2 Qc7 21. Qg4
Bd7 22. Qh5 Be6 23. Rd1 Red8 24. Ree1 Rxd1 25. Rxd1 Rd8 26. Qe2 Rd4 27. Qf1 Qd6
28. Rxd4 Qxd4 29. a3 Qd2 30. Qd1 Qxd1+ 31. Nxd1 b6 32. Ne3 Bf7 33. Nf5+ Kf8 34.
Nxh6 Be6 35. h3 Ke8 36. f3 Kd7 37. a4 Ba2 38. Nf5 Bb1 39. Ne3 Kc6 40. g3 a6 41.
h4 Ba2 42. h5 Bf7 43. h6 Bg6 44. Nd5 Kd6 45. g4 b5 46. a5 e6 47. Nxf6 Ke7 48.
h7 Kxf6 49. h8=Q+ Ke7 50. Qxe5 Bf7 51. Qxg5+ Ke8 52. Qc5 Kd7 53. Qa7+ Ke8 54.
Qxa6 Kd7 55. Qb7+ Ke8 56. a6 {alexic resigns} 1-0

[Event "ICS Rated blitz match"]
[Site "204.178.125.65"]
[Date "1999.09.18"]
[Round "?"]
[White "Hossa"]
[Black "blik"]
[Result "1-0"]
[WhiteElo "2459"]
[BlackElo "2595"]
[PlyCount "67"]
[EventDate "1999.??.??"]

1. e4 c6 2. d4 d5 3. exd5 cxd5 4. c4 Nf6 5. Nc3 g6 6. Bg5 Nbd7 7. Bd3 Qb6 8.
cxd5 Qxb2 9. Nge2 Bg7 10. Rc1 h6 11. Bf4 Qb4 12. O-O b6 13. Nb5 Bb7 14. a3 Qb2
15. Rb1 Qxb1 16. Nc7+ Kf8 17. Bxb1 Rd8 18. d6 exd6 19. Bxd6+ Kg8 20. Qa4 a5 21.
Qb5 Bf8 22. Bxf8 Rxf8 23. d5 Rd8 24. a4 Kg7 25. Nf4 g5 26. Nd3 Ng4 27. Re1 Kf8
28. f4 gxf4 29. Nxf4 Ngf6 30. Bf5 Bc8 31. Qc6 Kg8 32. Bxd7 Nxd7 33. Ne8 Ba6 34.
Qc7 {blik resigns} 1-0

[Event "ICS Rated blitz match"]
[Site "204.178.125.65"]
[Date "1999.09.21"]
[Round "?"]
[White "Hossa"]
[Black "blik"]
[Result "0-1"]
[WhiteElo "2316"]
[BlackElo "2553"]
[PlyCount "83"]
[EventDate "1999.??.??"]

1. e4 e6 2. d4 d5 3. exd5 exd5 4. Bd3 c5 5. c3 Nc6 6. Qe2+ Qe7 7. Bg5 Nf6 8.
dxc5 Qxe2+ 9. Nxe2 Bxc5 10. Bxf6 gxf6 11. Nf4 Be6 12. Nh5 Ne5 13. Bb5+ Ke7 14.
Be2 Rag8 15. g3 Ng4 16. Bxg4 Bxg4 17. Nf4 Bf3 18. O-O d4 19. Nd2 Bc6 20. Nb3
Bd6 21. Rfe1+ Kf8 22. Nxd4 Bxf4 23. Nxc6 bxc6 24. Rad1 Bb8 25. Rd7 Kg7 26. Re6
Rc8 27. Kg2 Rhe8 28. Re3 Red8 29. Rxd8 Rxd8 30. Re2 Bc7 31. f4 Rd1 32. a3 f5
33. b4 Ra1 34. Kh3 Rxa3 35. Kg2 Rxc3 36. Re7 Rc2+ 37. Kf1 Bb6 38. Re8 Rf2+ 39.
Ke1 Rxh2 40. Re2 Rxe2+ 41. Kxe2 Bd4 42. Kf3 {Hossa resigns} 0-1

[Event "ICS Rated blitz match"]
[Site "204.178.125.65"]
[Date "1999.09.25"]
[Round "?"]
[White "Hossa"]
[Black "brutus"]
[Result "0-1"]
[WhiteElo "2430"]
[BlackElo "2155"]
[PlyCount "103"]
[EventDate "1999.??.??"]

1. e4 e6 2. d4 d5 3. e5 c5 4. c3 Bd7 5. Nd2 Qb6 6. Ne2 cxd4 7. cxd4 Bb5 8. Nb3
Nc6 9. Be3 Nge7 10. Nc3 Bxf1 11. Kxf1 Nf5 12. Rc1 Be7 13. Qd3 O-O 14. Nxd5 exd5
15. Qxf5 Qa6+ 16. Kg1 Qxa2 17. Nd2 Bb4 18. Qb1 Qxb1 19. Nxb1 Rfc8 20. h3 a5 21.
Kh2 a4 22. Na3 Bxa3 23. bxa3 Na5 24. Rxc8+ Rxc8 25. Rc1 Rxc1 26. Bxc1 Nc4 27.
f4 b5 28. f5 Kf8 29. g4 Ke7 30. g5 g6 31. fxg6 hxg6 32. Kg3 b4 33. axb4 a3 34.
Bxa3 Nxa3 35. Kf4 Nc2 36. h4 Nxd4 37. Kg4 Ke6 38. h5 gxh5+ 39. Kxh5 Kxe5 40.
Kh6 Ne6 41. b5 d4 42. b6 Kd6 43. Kh7 d3 44. g6 fxg6 45. b7 Kc7 46. b8=R Kxb8
47. Kg8 d2 48. Kf7 Nf4 49. Kg7 d1=Q 50. Kf6 Qd6+ 51. Kf7 Qe6+ 52. Kg7 {
Hossa resigns} 0-1

[Event "ICS Rated blitz match"]
[Site "204.178.125.65"]
[Date "1999.10.03"]
[Round "?"]
[White "Hossa"]
[Black "dbastogne"]
[Result "1-0"]
[WhiteElo "2459"]
[BlackElo "2078"]
[PlyCount "63"]
[EventDate "1999.??.??"]

1. d4 Nf6 2. c4 c5 3. Nf3 cxd4 4. Nxd4 e5 5. Nb5 d6 6. N1c3 a6 7. Na3 Nc6 8. e4
Be7 9. Bd3 O-O 10. Nc2 Nd7 11. Ne3 Nc5 12. O-O Nxd3 13. Qxd3 Re8 14. Ned5 Bf8
15. Be3 b5 16. cxb5 Ne7 17. Bb6 Qd7 18. Nc7 Rb8 19. Ba5 axb5 20. Nxe8 Qxe8 21.
Bc7 Ra8 22. Nxb5 Ba6 23. a4 Ng6 24. Qc4 Nf4 25. Rfc1 Bxb5 26. axb5 Rxa1 27.
Rxa1 Qc8 28. f3 d5 29. Qc6 dxe4 30. Ra8 Qf5 31. Rxf8+ Kxf8 32. Bd6+ {
dbastogne resigns} 1-0

[Event "ICS Rated blitz match"]
[Site "204.178.125.65"]
[Date "1999.10.07"]
[Round "?"]
[White "Hossa"]
[Black "dk2"]
[Result "1-0"]
[WhiteElo "2473"]
[BlackElo "2362"]
[PlyCount "91"]
[EventDate "1999.??.??"]

1. d4 Nf6 2. c4 e6 3. Nf3 b6 4. g3 Bb7 5. Bg2 Bb4+ 6. Bd2 Na6 7. O-O Qe7 8. a3
Bxd2 9. Nbxd2 c5 10. e3 Rc8 11. Re1 Qd6 12. e4 cxd4 13. e5 Qc5 14. exf6 gxf6
15. Rc1 d3 16. Nb3 Qd6 17. Rc3 Nc5 18. Nxc5 Rxc5 19. Rxd3 Qe7 20. Qa4 Ra5 21.
Qb3 Rg8 22. Red1 Bc6 23. Qc3 Rg6 24. Nh4 Rgg5 25. Bxc6 dxc6 26. b4 Raf5 27.
Nxf5 Rxf5 28. Qd2 Rd5 29. cxd5 cxd5 30. Rxd5 exd5 31. Re1 Qe6 32. Rxe6+ fxe6
33. Qh6 Ke7 34. Qxh7+ Kd6 35. Qxa7 b5 36. f4 e5 37. Qc5+ Ke6 38. Qc6+ Ke7 39.
Qxd5 exf4 40. gxf4 Kf8 41. Qd7 Kg8 42. Qe7 Kh8 43. h4 Kg8 44. h5 f5 45. h6 Kh8
46. Qg7# {dk2 checkmated} 1-0

[Event "ICS Rated blitz match"]
[Site "204.178.125.65"]
[Date "1999.10.05"]
[Round "?"]
[White "Hossa"]
[Black "dk2"]
[Result "1-0"]
[WhiteElo "2454"]
[BlackElo "2289"]
[PlyCount "177"]
[EventDate "1999.??.??"]

1. Nf3 d5 2. g3 Nf6 3. Bg2 Nc6 4. d4 e6 5. O-O Bd6 6. Nc3 O-O 7. Bg5 b6 8. e4
Ba6 9. e5 Bxf1 10. Bxf1 Be7 11. exf6 Bxf6 12. Bxf6 Qxf6 13. Bg2 Rad8 14. Qd2
Qf5 15. Nb5 Rc8 16. Qc3 a6 17. Qxc6 axb5 18. a3 Rfd8 19. Rc1 Rd6 20. Qxb5 f6
21. Qa6 Rcd8 22. Qb7 c5 23. dxc5 bxc5 24. Qc7 d4 25. Nh4 Qe5 26. Rb1 g5 27. Nf3
Qf5 28. Rc1 R8d7 29. Qa5 g4 30. Ne1 Rd8 31. Nd3 c4 32. Qxf5 exf5 33. Nc5 Rb6
34. Bf1 Rxb2 35. Bxc4+ Kh8 36. Kg2 Rd6 37. Bb3 Rb6 38. Rd1 Rb5 39. Nd7 f4 40.
gxf4 Kg7 41. Rxd4 Ra5 42. Rd6 Rf5 43. Kg3 h5 44. f3 Rb1 45. fxg4 Rg1+ 46. Kf3
Rxg4 47. Rd4 Ra5 48. Ba4 Rh4 49. Kg3 Rg4+ 50. Kf2 Rh4 51. Kf3 Rxh2 52. Kg3 Re2
53. Rb4 Re3+ 54. Kh4 Rxa3 55. Bb5 Rc3 56. Bd3 Rc7 57. Nb8 Rd5 58. Be4 Ra5 59.
Rd4 f5 60. Bd3 Kf6 61. Rd6+ Ke7 62. Ra6 Rxa6 63. Nxa6 Ra7 64. Kxh5 Kf6 65. Kh4
Rg7 66. Nb4 Ke6 67. Kh5 Rg4 68. Bc4+ Kd7 69. Nd5 Kd6 70. Bb3 Rg3 71. Ba2 Ke6
72. Bc4 Kd6 73. Kh4 Rg4+ 74. Kh5 Rg3 75. Kh6 Kc5 76. Bb3 Rxb3 77. cxb3 Kxd5 78.
Kg6 Ke4 79. Kg5 Kd4 80. Kxf5 Kc3 81. Ke5 Kxb3 82. f5 Kb4 83. f6 Kb5 84. f7 Kc6
85. f8=Q Kb6 86. Kd6 Ka5 87. Kc5 Ka4 88. Qf3 Ka5 89. Qa3# {dk2 checkmated} 1-0

[Event "ICS Rated blitz match"]
[Site "204.178.125.65"]
[Date "1999.10.05"]
[Round "?"]
[White "Hossa"]
[Black "dk2"]
[Result "1-0"]
[WhiteElo "2463"]
[BlackElo "2324"]
[PlyCount "143"]
[EventDate "1999.??.??"]

1. e4 Nc6 2. d4 e5 3. d5 Nce7 4. Nf3 Ng6 5. Bd3 Bc5 6. O-O Nf6 7. Nc3 d6 8. Na4
Bd7 9. Nxc5 dxc5 10. c4 Qe7 11. Bg5 O-O 12. Qb3 Rab8 13. Qa3 Ra8 14. Bxf6 gxf6
15. Ne1 Kh8 16. Qb3 Rab8 17. Qc3 Qd6 18. Qa3 a6 19. Nc2 Nf4 20. Ne3 Rg8 21. Kh1
Qb6 22. Rad1 Bg4 23. f3 Bd7 24. Qc3 Ba4 25. b3 Bd7 26. a3 Ng6 27. Rfe1 Ne7 28.
f4 exf4 29. Nc2 Qd6 30. Rf1 Qe5 31. Qd2 Rg4 32. Ne1 Rbg8 33. Rf2 R8g7 34. Nf3
Qh5 35. Rdf1 f5 36. e5 Qg6 37. a4 Qb6 38. Qc3 Qg6 39. Qb2 Qb6 40. Qa3 R7g6 41.
a5 Qb4 42. Qb2 Kg8 43. Ra1 Rh6 44. Be2 Rg3 45. Kg1 Rg7 46. Ne1 Ba4 47. Rb1 Be8
48. Qa2 Qc3 49. Qa1 Qh3 50. Nf3 Rhg6 51. Bf1 Bd7 52. Qa3 b6 53. axb6 cxb6 54.
Qxa6 Bc8 55. Qb5 Kf8 56. d6 Rg8 57. Qxb6 Bd7 58. dxe7+ Kxe7 59. Qxc5+ Ke8 60.
Rd1 Rc6 61. Qd5 Rc7 62. Ra2 Rg6 63. Ra8+ Ke7 64. Qd6+ Rxd6 65. exd6+ Ke6 66.
dxc7 Qg4 67. Rxd7 Qxg2+ 68. Kxg2 Kxd7 69. c8=Q+ Kd6 70. c5+ Kd5 71. Bc4+ Ke4
72. Qe8# {dk2 checkmated} 1-0

[Event "ICS Rated blitz match"]
[Site "204.178.125.65"]
[Date "1999.10.05"]
[Round "?"]
[White "Hossa"]
[Black "dk2"]
[Result "1-0"]
[WhiteElo "2462"]
[BlackElo "2316"]
[PlyCount "151"]
[EventDate "1999.??.??"]

1. d4 d5 2. Nf3 Nf6 3. c4 e6 4. Nc3 Be7 5. e3 Bd7 6. Be2 dxc4 7. Bxc4 Bc6 8.
O-O Nbd7 9. Bd3 Bb4 10. Re1 Bxc3 11. bxc3 Ne4 12. Qc2 f5 13. Ba3 Qf6 14. c4 Qg6
15. Be2 Nd6 16. Qb3 Be4 17. c5 Bd5 18. Qb4 a5 19. Qa4 Ne4 20. Bb5 c6 21. Be2
O-O 22. Qc2 f4 23. Rf1 fxe3 24. fxe3 Kh8 25. Qb1 Rab8 26. Qe1 a4 27. Bb4 Rbe8
28. Qd1 Qh6 29. Qd3 e5 30. Nxe5 Rxf1+ 31. Rxf1 Nxe5 32. dxe5 Qg5 33. Bf3 Qxe5
34. Bxe4 Qxe4 35. Qxe4 Rxe4 36. Rf8+ Bg8 37. a3 Rxe3 38. Ra8 Rb3 39. h3 Rb1+
40. Kh2 Rb2 41. Rxa4 h5 42. Ra7 Bd5 43. h4 Rxg2+ 44. Kh3 Re2 45. Rxb7 Kh7 46.
Kg3 Kg6 47. Rd7 Re3+ 48. Kh2 Rf3 49. Rd8 Rf2+ 50. Kh3 Re2 51. Rf8 Re3+ 52. Kh2
Rxa3 53. Bxa3 Ba2 54. Bb2 Bd5 55. Rd8 Kf5 56. Bxg7 Bf3 57. Kg3 Bd5 58. Rd6 Ke4
59. Rh6 Kd3 60. Rxh5 Kc4 61. Rxd5 Kxd5 62. h5 Ke6 63. h6 Kf7 64. h7 Kxg7 65.
Kf4 Kxh7 66. Ke5 Kh6 67. Kd6 Kh5 68. Kxc6 Kh6 69. Kd5 Kh7 70. c6 Kh8 71. c7 Kh7
72. c8=Q Kg6 73. Ke5 Kh5 74. Qg8 Kh6 75. Kf5 Kh5 76. Qh8# {dk2 checkmated} 1-0

[Event "ICS Rated blitz match"]
[Site "204.178.125.65"]
[Date "1999.10.05"]
[Round "?"]
[White "Hossa"]
[Black "dk2"]
[Result "1/2-1/2"]
[WhiteElo "2431"]
[BlackElo "2290"]
[PlyCount "87"]
[EventDate "1999.??.??"]

1. Nf3 d5 2. g3 Nf6 3. Bg2 Nc6 4. d4 e6 5. O-O Bd6 6. Nc3 O-O 7. Bg5 b6 8. e4
Ba6 9. e5 Bxf1 10. Bxf1 Kh8 11. Bb5 Nb4 12. a3 c6 13. Be2 Nxc2 14. Qxc2 Be7 15.
exf6 Bxf6 16. Bxf6 gxf6 17. Bd3 f5 18. Ne2 Rc8 19. Qc3 Rg8 20. Ne5 Rc7 21. Nxc6
Qd6 22. Rc1 Rgc8 23. Bb5 a6 24. Bxa6 Rxc6 25. Bxc8 Rxc3 26. Rxc3 Kg7 27. Bb7
Qd8 28. Bc6 h5 29. Bb5 h4 30. Rc6 Qb8 31. gxh4 Kf6 32. b3 Qh8 33. Nf4 Qxh4 34.
Nxd5+ Kg7 35. Ne3 f4 36. Ng2 Qg4 37. h3 Qxh3 38. Rxb6 Qg4 39. Kf1 f3 40. Ne1
Qh3+ 41. Kg1 Qg4+ 42. Kf1 Qh3+ 43. Kg1 Qg4+ 44. Kf1 {Game drawn by repetition}
1/2-1/2

[Event "ICS Rated blitz match"]
[Site "204.178.125.65"]
[Date "1999.10.04"]
[Round "?"]
[White "Hossa"]
[Black "dk2"]
[Result "1-0"]
[WhiteElo "2326"]
[BlackElo "2425"]
[PlyCount "151"]
[EventDate "1999.??.??"]

1. Nf3 Nf6 2. c4 c6 3. d4 d6 4. Nc3 Bf5 5. e3 Qa5 6. Bd2 Qb6 7. b3 Nbd7 8. Be2
e6 9. Nh4 Be4 10. f3 Bg6 11. Nxg6 hxg6 12. O-O d5 13. Bd3 Bd6 14. f4 Bb4 15.
Qe1 dxc4 16. bxc4 Bxc3 17. Bxc3 Rh5 18. Be2 Rh8 19. Ba5 Qb2 20. a4 Ne4 21. Bd3
Nd6 22. Qd1 Rh5 23. c5 Nxc5 24. dxc5 Rxc5 25. Rb1 Qa2 26. Bb4 Qd5 27. Qe2 Rd8
28. Rfd1 a5 29. Ba3 Rc3 30. Bb2 Rb3 31. Bc2 Rxb2 32. Rxb2 Qc5 33. Bd3 g5 34.
fxg5 Qxg5 35. Bh7 g6 36. Rbd2 Qe5 37. Qf3 Rd7 38. Bg8 f5 39. Qf4 Qxf4 40. exf4
Ke7 41. Bh7 b5 42. Bxg6 bxa4 43. Ra2 Rb7 44. Rxa4 Rb5 45. Ra3 Rc5 46. Rad3 Rd5
47. Kf2 Ne4+ 48. Ke2 a4 49. Ra3 Rb5 50. Ke3 Rb3+ 51. Rxb3 axb3 52. Rb1 Nf6 53.
h4 Nd5+ 54. Kf3 Kf6 55. h5 c5 56. Rxb3 c4 57. Rb5 Ne7 58. Rc5 Nxg6 59. hxg6
Kxg6 60. Rxc4 Kf7 61. Re4 fxe4+ 62. Kxe4 Kf6 63. g4 Kg6 64. Ke5 Kf7 65. g5 Kg7
66. Kxe6 Kg6 67. f5+ Kxg5 68. f6 Kg6 69. f7 Kg7 70. Ke7 Kg6 71. f8=Q Kg5 72.
Qf3 Kh4 73. Qe3 Kg4 74. Kf6 Kh4 75. Kf5 Kh5 76. Qh3# {dk2 checkmated} 1-0

[Event "ICS Rated blitz match"]
[Site "204.178.125.65"]
[Date "1999.10.05"]
[Round "?"]
[White "Hossa"]
[Black "dk2"]
[Result "1-0"]
[WhiteElo "2481"]
[BlackElo "2297"]
[PlyCount "113"]
[EventDate "1999.??.??"]

1. d4 d5 2. c4 c6 3. Nc3 e6 4. e4 dxe4 5. Nxe4 Bb4+ 6. Nc3 Nf6 7. a3 Bxc3+ 8.
bxc3 Qa5 9. Ne2 e5 10. dxe5 Qxe5 11. Bf4 Qe7 12. Bd6 Qe4 13. Qd4 Be6 14. f3 Qc2
15. Nf4 Qb2 16. Rd1 Nbd7 17. Be2 h5 18. O-O Qb6 19. Rfe1 O-O-O 20. Nxe6 fxe6
21. f4 Ne4 22. Be7 Rde8 23. Bf3 Nxc3 24. c5 Qc7 25. Bd6 Qa5 26. Qd2 b6 27. Ra1
Nd5 28. Qxa5 bxa5 29. Rad1 h4 30. a4 a6 31. Bg4 Rh6 32. Be2 Kb7 33. Rd4 Ka7 34.
Bf3 N7f6 35. Kf2 h3 36. g4 Rh4 37. Kg3 Rhh8 38. Rd3 Rh6 39. Be5 Nd7 40. Bxg7
Rh7 41. Be5 Nxc5 42. Bd4 Kb6 43. Rc1 Kc7 44. Rxc5 Rf7 45. Bxd5 exd5 46. Rdc3
Re6 47. f5 Re4 48. Rxc6+ Kb8 49. Rb6+ Rb7 50. f6 Rxb6 51. f7 Rxg4+ 52. Kxg4 Kb7
53. Bxb6 Kxb6 54. f8=Q Kb7 55. Qc8+ Ka7 56. Qd7+ Ka8 57. Rc8# {dk2 checkmated}
1-0

[Event "ICS Rated blitz match"]
[Site "204.178.125.65"]
[Date "1999.10.11"]
[Round "?"]
[White "Hossa"]
[Black "dk2"]
[Result "1-0"]
[WhiteElo "2354"]
[BlackElo "2414"]
[PlyCount "125"]
[EventDate "1999.??.??"]

1. d4 Nf6 2. c4 e6 3. Nf3 b6 4. g3 Bb7 5. Bg2 Bb4+ 6. Bd2 Na6 7. O-O Qe7 8. a3
Bxd2 9. Nbxd2 c5 10. e3 Rc8 11. Re1 Qd6 12. e4 cxd4 13. e5 Qe7 14. Nxd4 Bxg2
15. Nf5 Qc5 16. Nd6+ Kf8 17. Nb3 Qc7 18. Kxg2 Ne8 19. Nxc8 Qxc8 20. Rc1 Nc5 21.
Nxc5 bxc5 22. Kg1 h5 23. b4 cxb4 24. axb4 h4 25. Qd4 hxg3 26. fxg3 Qb7 27. Qc5+
Kg8 28. Qe7 Qb8 29. Qxd7 Rh5 30. Rf1 Rf5 31. Ra1 Nc7 32. Rxf5 exf5 33. Qxf5 Ne6
34. h4 Qxb4 35. Rxa7 Qb6+ 36. Qf2 Qb1+ 37. Kh2 Qg6 38. c5 Nd8 39. Rd7 Nc6 40.
Rd6 Qe4 41. e6 fxe6 42. Qg2 Qxg2+ 43. Kxg2 Ne7 44. Rxe6 Kf7 45. Rxe7+ Kxe7 46.
c6 Kd6 47. c7 Kxc7 48. Kf3 Kc6 49. Ke4 Kd6 50. Kf5 Ke7 51. Kg6 Kf8 52. Kh7 Kf7
53. g4 Kf6 54. g5+ Kf5 55. Kxg7 Kg4 56. g6 Kxh4 57. Kh6 Kh3 58. g7 Kh4 59. g8=Q
Kh3 60. Qg1 Kh4 61. Kg6 Kh3 62. Kf5 Kh4 63. Qh2# {dk2 checkmated} 1-0

[Event "ICS Rated blitz match"]
[Site "204.178.125.65"]
[Date "1999.09.25"]
[Round "?"]
[White "Hossa"]
[Black "egya"]
[Result "1-0"]
[WhiteElo "2490"]
[BlackElo "2126"]
[PlyCount "95"]
[EventDate "1999.??.??"]

1. e4 d6 2. d4 c6 3. Bd3 Nd7 4. Ne2 e5 5. O-O Be7 6. Nbc3 Ngf6 7. Rb1 O-O 8.
Re1 Re8 9. Bg5 Nf8 10. dxe5 dxe5 11. Qd2 Ne6 12. Be3 Nd4 13. Bc4 c5 14. f3 Be6
15. Bxe6 Nxe6 16. Nd5 Nxd5 17. exd5 Nd4 18. c4 b5 19. Qd3 b4 20. a3 a5 21. Red1
Bd6 22. Re1 Qh4 23. Bf2 Qh5 24. Ng3 Qg6 25. Qxg6 hxg6 26. Ne4 Rad8 27. axb4
axb4 28. Nxd6 Rxd6 29. Rbd1 Kf8 30. f4 f6 31. fxe5 Rxe5 32. Rxe5 fxe5 33. Re1
Nb3 34. Bg3 Nd2 35. Bxe5 Rd7 36. Rc1 Kf7 37. Rc2 Ne4 38. Re2 Nf6 39. h3 g5 40.
Kf2 Kg6 41. Ke1 Kf5 42. g4+ Kg6 43. Kd2 Ra7 44. Bd6 Ra2 45. Kc2 Ra1 46. Bxc5
Rh1 47. Re3 Rh2+ 48. Kb3 {egya resigns} 1-0

[Event "ICS Rated blitz match"]
[Site "204.178.125.65"]
[Date "1999.09.10"]
[Round "?"]
[White "Hossa"]
[Black "ekw"]
[Result "1-0"]
[WhiteElo "2454"]
[BlackElo "2200"]
[PlyCount "37"]
[EventDate "1999.??.??"]

1. e4 c5 2. Nf3 Nc6 3. Bb5 e6 4. Bxc6 bxc6 5. e5 f6 6. O-O fxe5 7. Nxe5 Nf6 8.
Ng4 Be7 9. Nxf6+ Bxf6 10. Qh5+ g6 11. Qxc5 Qb6 12. Qa3 Rb8 13. Re1 Kf7 14. Nc3
d5 15. d3 Be7 16. Qa4 c5 17. Bh6 Re8 18. Qf4+ Kg8 19. Nxd5 {ekw resigns} 1-0

[Event "ICS Rated blitz match"]
[Site "204.178.125.65"]
[Date "1999.08.27"]
[Round "?"]
[White "Hossa"]
[Black "elvikingo"]
[Result "0-1"]
[WhiteElo "2397"]
[BlackElo "2055"]
[PlyCount "112"]
[EventDate "1999.??.??"]

1. Nf3 d5 2. d4 Nf6 3. e3 Bg4 4. Bb5+ c6 5. Be2 e6 6. O-O Bd6 7. c4 Qc7 8. c5
Be7 9. Nc3 Nbd7 10. Bd2 O-O 11. Ng5 Bxe2 12. Qxe2 h6 13. Nf3 e5 14. Rae1 e4 15.
Nh4 Nh7 16. Nf5 Ndf6 17. b4 Qd7 18. Nxe7+ Qxe7 19. b5 Qe6 20. Rb1 Ng5 21. Rb2
Qf5 22. bxc6 bxc6 23. Qa6 Nf3+ 24. gxf3 exf3 25. Kh1 Qh3 26. Rg1 Ng4 27. Rxg4
Qxg4 28. Qf1 Rab8 29. Rxb8 Rxb8 30. Bc1 Re8 31. Bb2 Re6 32. h3 Qh5 33. Qg1 Rg6
34. Qh2 Rg2 35. Qxg2 fxg2+ 36. Kxg2 Qg6+ 37. Kf3 Qc2 38. a4 Qxb2 39. Ne2 Qa3
40. Kg3 Qxa4 41. Ng1 Qc2 42. Nf3 a5 43. Ne5 a4 44. Nxc6 a3 45. Nb4 Qb2 46. Nxd5
a2 47. Nf4 a1=Q 48. Kg2 Qaa2 49. Nd3 Qd2 50. h4 Qxd3 51. Kg3 Qde2 52. Kf4 Qxf2+
53. Kg4 Qxe3 54. c6 Qd5 55. h5 Qdxd4+ 56. Kf5 56... Qee5# {Hossa checkmated}
0-1

[Event "ICS Rated blitz match"]
[Site "204.178.125.65"]
[Date "1999.09.22"]
[Round "?"]
[White "Hossa"]
[Black "felicity"]
[Result "1-0"]
[WhiteElo "1912"]
[BlackElo "1525"]
[PlyCount "47"]
[EventDate "1999.??.??"]

1. d4 e6 2. Nf3 Nf6 3. e3 d5 4. Bd3 c5 5. O-O Nc6 6. c4 dxc4 7. Bxc4 Qb6 8. Nc3
cxd4 9. Nxd4 Bd7 10. a4 a6 11. Nxc6 Bxc6 12. Bd3 Bd6 13. Ra2 O-O 14. Bxh7+ Kxh7
15. Qxd6 Qd8 16. Qe5 Rh8 17. Rd1 Qe7 18. b3 Kg8 19. Ba3 Qe8 20. f3 Rd8 21. Rad2
Rxd2 22. Rxd2 Nd5 23. Nxd5 Bxd5 24. Rxd5 {felicity resigns} 1-0

[Event "ICS Rated blitz match"]
[Site "204.178.125.65"]
[Date "1999.09.22"]
[Round "?"]
[White "Hossa"]
[Black "felicity"]
[Result "1-0"]
[WhiteElo "1903"]
[BlackElo "1535"]
[PlyCount "57"]
[EventDate "1999.??.??"]

1. d4 Nf6 2. c4 c5 3. d5 b5 4. cxb5 a6 5. Nc3 d6 6. e4 g6 7. bxa6 Bxa6 8. Bxa6
Nxa6 9. Nge2 Bg7 10. O-O O-O 11. Bg5 Ng4 12. f3 Ne5 13. Bf4 Nb4 14. Bxe5 Bxe5
15. a3 Na6 16. Ra2 Qb6 17. Kh1 Rfb8 18. f4 Bg7 19. f5 Qb3 20. Qxb3 Rxb3 21. Nc1
Rb7 22. fxg6 fxg6 23. Rf3 Rf8 24. Rxf8+ Kxf8 25. N1e2 Nc7 26. a4 Na6 27. Nd1
Nb4 28. Ra3 Nd3 29. Rxd3 {felicity resigns} 1-0

[Event "ICS Rated blitz match"]
[Site "204.178.125.65"]
[Date "1999.09.22"]
[Round "?"]
[White "Hossa"]
[Black "felicity"]
[Result "1-0"]
[WhiteElo "1895"]
[BlackElo "1543"]
[PlyCount "48"]
[EventDate "1999.??.??"]

1. d4 Nf6 2. c4 c5 3. d5 b5 4. cxb5 a6 5. Nc3 d6 6. e4 g6 7. bxa6 Bxa6 8. Bxa6
Nxa6 9. Nge2 Bg7 10. O-O O-O 11. Bg5 Qb6 12. Qd2 Rfb8 13. Rfb1 Rb7 14. Bh6 Bh8
15. Qg5 Nb4 16. Rf1 Nc2 17. Rab1 Nb4 18. a4 c4 19. b3 cxb3 20. Rxb3 Qc5 21.
Rfb1 Qa5 22. Ng3 Rab8 23. Nf5 Qc5 24. Rxb4 24... Bg7 {felicity resigns} 1-0

[Event "ICS Rated blitz match"]
[Site "204.178.125.65"]
[Date "1999.10.01"]
[Round "?"]
[White "Hossa"]
[Black "gambitmaster"]
[Result "1-0"]
[WhiteElo "2425"]
[BlackElo "2558"]
[PlyCount "104"]
[EventDate "1999.??.??"]

1. d4 d5 2. Nf3 Nf6 3. c4 e6 4. Nc3 Be7 5. e3 O-O 6. Bd3 b6 7. O-O Bb7 8. cxd5
exd5 9. Ne5 Nbd7 10. Nxd7 Qxd7 11. Bd2 c6 12. Qf3 Rfe8 13. Bf5 Qc7 14. Rac1 Ba6
15. Rfe1 Bd6 16. Qh3 Bc4 17. b3 Ba6 18. Nxd5 Nxd5 19. Qxh7+ Kf8 20. Kh1 g6 21.
Be4 Qb7 22. Qh6+ Ke7 23. Qg5+ Kd7 24. Bxd5 cxd5 25. Qf6 Re7 26. a4 Rae8 27. Kg1
Qb8 28. Kh1 Bb7 29. h3 Ba3 30. Rc3 Bb4 31. Rc2 Qd6 32. Qg5 Bxd2 33. Rxd2 Qb4
34. Qg4+ f5 35. Qd1 f4 36. Rde2 Ba6 37. Rb2 fxe3 38. fxe3 Rxe3 39. Qg4+ R3e6
40. Re5 Qc3 41. Rf2 Kd6 42. Rf7 g5 43. Rxg5 Qe1+ 44. Kh2 R8e7 45. Rff5 Re3 46.
Qf4+ Kc6 47. Qb8 Re2 48. Rxd5 Rxg2+ 49. Rxg2 Kxd5 50. Qd8+ Ke6 51. d5+ Kf6 52.
Qh8+ 52... Kf5 {gambitmaster resigns} 1-0

[Event "ICS Rated blitz match"]
[Site "204.178.125.65"]
[Date "1999.10.16"]
[Round "?"]
[White "Hossa"]
[Black "gambitmaster"]
[Result "1-0"]
[WhiteElo "2511"]
[BlackElo "2521"]
[PlyCount "144"]
[EventDate "1999.??.??"]

1. e4 c5 2. Nf3 e6 3. d4 cxd4 4. Nxd4 Nc6 5. Nb5 d6 6. Bf4 e5 7. Bg5 f6 8. Be3
f5 9. Bg5 Nf6 10. Bxf6 gxf6 11. Qh5+ Kd7 12. Qxf5+ Ke7 13. Qh5 Be6 14. N1c3 a6
15. Na3 Bf7 16. Qd1 Qb6 17. Nc4 Qb4 18. a3 Qc5 19. Nd5+ Bxd5 20. exd5 Nd4 21.
c3 Nb5 22. Ne3 Kd8 23. Qf3 Bg7 24. Nf5 Qc7 25. Bxb5 axb5 26. Qg4 Bf8 27. O-O
Qc4 28. Qf3 e4 29. Qd1 Rg8 30. Ne3 Qc5 31. Qh5 Qc7 32. Qh4 Qe7 33. Nf5 Qd7 34.
Qxe4 Rg5 35. Nd4 Re5 36. Qf3 Be7 37. b3 f5 38. Qg3 Kc7 39. Ne6+ Kb8 40. Qg8+
Ka7 41. Qf7 Rc8 42. f4 Re3 43. Qxh7 Rexc3 44. Rfe1 Kb6 45. a4 bxa4 46. bxa4
R3c4 47. Nd4 R8c7 48. Nxf5 Bd8 49. Qh3 Ka5 50. Rf1 Bf6 51. Rae1 Qxa4 52. Qh6
Bc3 53. Rd1 b5 54. Qxd6 Bb2 55. Qd8 Kb4 56. Qf8+ Kb3 57. d6 Rc8 58. Qf7 Ra8 59.
d7 Rd8 60. Rd3+ Kc2 61. Qd5 Bc1 62. Rdf3 Kb1 63. Re3 Qb4 64. Rfe1 Qc5 65. Qd2
Rc2 66. Qd3 Kb2 67. Qb3+ Ka1 68. Qe6 Kb1 69. Kh1 Rc4 70. Nd6 Rxd7 71. Nxc4 bxc4
72. Qxd7 72... Qxe3 {gambitmaster resigns} 1-0

[Event "ICS Rated blitz match"]
[Site "204.178.125.65"]
[Date "1999.08.27"]
[Round "?"]
[White "Hossa"]
[Black "heatstroke"]
[Result "0-1"]
[WhiteElo "2351"]
[BlackElo "2886"]
[PlyCount "116"]
[EventDate "1999.??.??"]

1. d4 f5 2. Bf4 Nf6 3. e3 e6 4. Bb5 Be7 5. Ne2 Nh5 6. O-O O-O 7. c3 d6 8. Nd2
g5 9. Bg3 f4 10. Nxf4 gxf4 11. Qxh5 Rf5 12. Qe2 fxg3 13. fxg3 Kh8 14. Rxf5 exf5
15. Rf1 Bg5 16. Nf3 d5 17. a3 Bf6 18. Bd3 Qe7 19. Ne1 Bg5 20. Nc2 c6 21. Rf3
Be6 22. c4 dxc4 23. Bxf5 Nd7 24. Bxe6 Qxe6 25. Qf2 Nf6 26. h4 Ne4 27. Rf8+ Kg7
28. Qf5 Qxf5 29. Rxf5 Bf6 30. Rf4 Re8 31. Kh2 c3 32. bxc3 Nxc3 33. Kh3 Nd5 34.
Rf3 Re4 35. g4 h6 36. Rg3 Kg6 37. Rf3 b6 38. Kg3 c5 39. dxc5 bxc5 40. Kh3 Rc4
41. Rf5 Rxc2 42. Rxd5 Rc3 43. h5+ Kf7 44. Rd7+ Ke6 45. Rxa7 Rxe3+ 46. g3 Be5
47. Ra6+ Bd6 48. Kh4 c4 49. a4 Rxg3 50. Ra8 Rg2 51. g5 hxg5+ 52. Kh3 Rg1 53.
Ra6 c3 54. h6 c2 55. Rc6 Kf5 56. Rxd6 c1=Q 57. a5 Qf1+ 58. Kh2 58... Qg2# {
Hossa checkmated} 0-1

[Event "ICS Rated blitz match"]
[Site "204.178.125.65"]
[Date "1999.08.27"]
[Round "?"]
[White "Hossa"]
[Black "heatstroke"]
[Result "0-1"]
[WhiteElo "2349"]
[BlackElo "2879"]
[PlyCount "62"]
[EventDate "1999.??.??"]

1. e4 e5 2. Nf3 Nc6 3. Bb5 a6 4. Bxc6 dxc6 5. O-O Bg4 6. d3 Qd6 7. Be3 f6 8.
Nbd2 Ne7 9. Nc4 Qd7 10. b3 b5 11. Ncd2 Ng6 12. a4 Bb4 13. axb5 cxb5 14. Ra2
Bxd2 15. Bxd2 Nh4 16. Nxe5 fxe5 17. f3 Be6 18. Bc3 Nxg2 19. Kxg2 Bh3+ 20. Kg3
Bxf1 21. Qxf1 Qd6 22. Qa1 Qg6+ 23. Kf2 O-O 24. Bxe5 Qh5 25. Kg1 Rxf3 26. Bg3
Raf8 27. Kg2 Rxg3+ 28. hxg3 Qe2+ 29. Kg1 Rf3 30. Ra3 Rxg3+ 31. Kh1 31... Qh5# {
Hossa checkmated} 0-1